Novel Drug Delivery Systems and Regulatory Affairs (Record no. 8725)
[ view plain ]
| 000 -LEADER | |
|---|---|
| fixed length control field | 01082nam a22001697a 4500 |
| 003 - CONTROL NUMBER IDENTIFIER | |
| control field | OSt |
| 008 - FIXED-LENGTH DATA ELEMENTS--GENERAL INFORMATION | |
| fixed length control field | 200708b ||||| |||| 00| 0 eng d |
| 020 ## - INTERNATIONAL STANDARD BOOK NUMBER | |
| International Standard Book Number | 9789381177020 |
| 100 ## - MAIN ENTRY--PERSONAL NAME | |
| Personal name | Nanjwade, Basavaraj K. & Kishore. V. S. |
| 245 ## - TITLE STATEMENT | |
| Title | Novel Drug Delivery Systems and Regulatory Affairs |
| 250 ## - EDITION STATEMENT | |
| Edition statement | Reprint 2019 |
| 260 ## - PUBLICATION, DISTRIBUTION, ETC. (IMPRINT) | |
| Place of publication, distribution, etc | New Delhi |
| Name of publisher, distributor, etc | CBS Publishers & Distributors Pvt. Ltd. |
| 300 ## - PHYSICAL DESCRIPTION | |
| Extent | Pg. 299, Dimensions: 23.2 x 18.4 x 4.3 cm |
| 500 ## - GENERAL NOTE | |
| General note | About the Book: Novel Drug Delivery System & Regulatory Affairs The book is targeted to the undergraduate and postgraduate Students. The purpose of this text book is to introduce pharmacy students to the basic systems of pharmaceutical principles and technologies applied in preparation of various Novel Drug Delivery Systems and introduction to the regulatory agencies and Current Good Manufacturing Practices (CGMP). The subject matter is covered in accordance with the prescribed syllabus for this course. |
| 650 ## - SUBJECT ADDED ENTRY--TOPICAL TERM | |
| Topical term or geographic name as entry element | Pharmaceutics- Drug Delivery Systems, Pharmaceutical Engineering Regulatory Science |
| 942 ## - ADDED ENTRY ELEMENTS (KOHA) | |
| Source of classification or shelving scheme | Dewey Decimal Classification |
| Koha item type | Text Books |
| 942 ## - ADDED ENTRY ELEMENTS (KOHA) | |
| -- | 1 |
| Withdrawn status | Lost status | Source of classification or shelving scheme | Damaged status | Not for loan | Collection code | Home library | Current library | Date acquired | Source of acquisition | Currency | Cost, normal purchase price | Bill Number | Total Checkouts | Full call number | Acc. no. / Barcode | Date last seen | Actual Cost, discounted price | Bill Date | Koha item type | Checked out | Date last borrowed |
|---|---|---|---|---|---|---|---|---|---|---|---|---|---|---|---|---|---|---|---|---|---|
| Dewey Decimal Classification | B.Pharma | PIET C-LIBRARY | PIET C-LIBRARY | 01/02/2020 | Kirti Prakashan | IN Rupees | 295.00 | IN6239 | 615.6 NAN | BP777 | 08/07/2020 | 190.28 | 01/02/2020 | Reference Books | |||||||
| Dewey Decimal Classification | B.Pharma | PIET C-LIBRARY | PIET C-LIBRARY | 01/02/2020 | Kirti Prakashan | IN Rupees | 295.00 | IN6239 | 2 | 615.6 NAN | BP778 | 16/09/2023 | 190.28 | 01/02/2020 | Text Books | 14/03/2024 | 16/09/2023 |